[Event "LEM Nachwuchs M-V u14m 08.-11.07.2021"]
[Site "MaJuWi Greifswald/Wieck"]
[Date "2021.07.11"]
[Round "6.6"]
[White "Karff, Tom"]
[Black "Hampe, Florian"]
[Result "1/2-1/2"]
[WhiteElo "1363"]
[BlackElo "1167"]
[PlyCount "40"]
[EventDate "2021.??.??"]
[WhiteTeam "SG Güstrow/Teterow"]
[BlackTeam "Lok Gymnas Pritzwalk"]

1. e4 c5 2. Nf3 e6 3. d4 cxd4 4. Nxd4 Be7 5. Nc3 d6 6. Be2 Nf6 7. Be3 O-O 8.
O-O a6 9. Qd2 b5 10. a3 Bb7 11. f3 Nc6 12. Rad1 Nxd4 13. Qxd4 Qd7 14. e5 Nd5
15. Nxd5 Bxd5 16. c4 dxe5 17. Qxe5 Bf6 18. Qg3 bxc4 19. Bxc4 Qb7 20. Bxd5 exd5
1/2-1/2

[Event "LEM Nachwuchs M-V u14m 08.-11.07.2021"]
[Site "MaJuWi Greifswald/Wieck"]
[Date "2021.07.11"]
[Round "6.7"]
[White "Asmussen, Johann"]
[Black "Lange, Oskar"]
[Result "1-0"]
[WhiteElo "1195"]
[BlackElo "1214"]
[PlyCount "80"]
[EventDate "2021.??.??"]
[WhiteTeam "SG Jasmund"]
[BlackTeam "TSG Neustrelitz"]

1. e4 e6 2. Nc3 d5 3. e5 Bb4 4. a3 Bxc3 5. bxc3 Nc6 6. d4 Nge7 7. Bg5 h6 8. Bh4
b6 9. Nf3 Bb7 10. c4 Qd7 11. cxd5 Qxd5 12. Be2 Nf5 13. c3 O-O 14. O-O Nfe7 15.
Bxe7 Nxe7 16. c4 Qc6 17. Rb1 Rad8 18. Bd3 Rxd4 19. Bh7+ Kxh7 20. Qxd4 Nf5 21.
Qd3 Ba6 22. Rfc1 f6 23. Qc2 Bb7 24. exf6 gxf6 25. c5 b5 26. Qd3 a6 27. Rc2 Kg6
28. Rd1 Qe8 29. Nh4+ Kg5 30. Nxf5 exf5 31. c6 Bxc6 32. Rdd2 Be4 33. Qg3+ Kh5
34. Qh3+ Kg6 35. Qg3+ Kh7 36. Rxc7+ Rf7 37. Rd8 Bc6 38. Rxe8 Bxe8 39. Rxf7+
Bxf7 40. Qc7 Kg6 1-0

[Event "LEM Nachwuchs M-V u14m 08.-11.07.2021"]
[Site "MaJuWi Greifswald/Wieck"]
[Date "2021.07.11"]
[Round "6.8"]
[White "Herrmann, Niklas"]
[Black "Rohde, Niklas"]
[Result "1-0"]
[WhiteElo "1034"]
[BlackElo "800"]
[PlyCount "71"]
[EventDate "2021.??.??"]
[WhiteTeam "TuS Makkabi Rostock"]
[BlackTeam "Lok Gymnas Pritzwalk"]

1. d4 d5 2. c4 dxc4 3. Bf4 Nc6 4. e3 Nf6 5. Nc3 Bf5 6. Bxc4 Nb4 7. Qa4+ Nc6 8.
Qb3 Rb8 9. e4 Nxd4 10. Bxf7+ Kd7 11. Qa4+ Nc6 12. Rd1+ Kc8 13. Rxd8+ Kxd8 14.
exf5 e5 15. Bxe5 Nxe5 16. Qd4+ Bd6 17. Qxa7 Nc6 18. Qe3 Rf8 19. Be6 Nb4 20. Qd2
Re8 21. Nge2 g6 22. Bb3 gxf5 23. Nb5 Ne4 24. Qd4 Re5 25. Nxd6 Nc6 26. Nxb7+ Kc8
27. Qd3 Rxb7 28. Bd5 Rxb2 29. O-O Nb4 30. Qd4 Nd2 31. Qxb2 Nxf1 32. Qxe5 Nd3
33. Be6+ Kd8 34. Qd4+ Ke7 35. Qxd3 Kxe6 36. Kxf1 1-0

[Event "LEM Nachwuchs M-V u14m 08.-11.07.2021"]
[Site "MaJuWi Greifswald/Wieck"]
[Date "2021.07.11"]
[Round "7.1"]
[White "Lippitz, Jaden"]
[Black "Willam, Max Bastian"]
[Result "1-0"]
[WhiteElo "1563"]
[BlackElo "1164"]
[PlyCount "53"]
[EventDate "2021.??.??"]
[WhiteTeam "SG Güstrow/Teterow"]
[BlackTeam "SSC Rostock 07"]

1. e4 e5 2. Nf3 Nc6 3. d4 exd4 4. Nxd4 d5 5. Nxc6 bxc6 6. exd5 cxd5 7. Bb5+ Bd7
8. Qxd5 Nf6 9. Bxd7+ Nxd7 10. O-O Be7 11. Rd1 Bd6 12. Re1+ Ne5 13. Rxe5+ Bxe5
14. Qxe5+ Kf8 15. Nc3 Rb8 16. Bg5 f6 17. Qc5+ Kf7 18. Rd1 Qe8 19. Qxc7+ Kg6 20.
Bc1 Qe6 21. Nd5 Rhd8 22. Nf4+ Kf5 23. g4+ Kxg4 24. Nxe6 Rxd1+ 25. Kg2 Re8 26.
Qg3+ Kh5 27. Nxg7# 1-0

[Event "LEM Nachwuchs M-V u14m 08.-11.07.2021"]
[Site "MaJuWi Greifswald/Wieck"]
[Date "2021.07.11"]
[Round "7.2"]
[White "Müller, Mitja"]
[Black "Schott, Andy"]
[Result "0-1"]
[WhiteElo "1341"]
[BlackElo "1537"]
[PlyCount "76"]
[EventDate "2021.??.??"]
[WhiteTeam "TuS Makkabi Rostock"]
[BlackTeam "SG Güstrow/Teterow"]

1. d4 Nf6 2. c4 g6 3. Nf3 Bg7 4. Nc3 d5 5. Bf4 c6 6. c5 O-O 7. h3 Qa5 8. a3 Ne4
9. Qc1 Nxc3 10. bxc3 Bf5 11. Qb2 Na6 12. e3 Nxc5 13. Qb4 Qxb4 14. cxb4 Nd7 15.
Be2 a5 16. O-O Rfe8 17. Rfc1 e5 18. dxe5 Nxe5 19. Nxe5 Rxe5 20. Bxe5 Bxe5 21.
bxa5 Bxa1 22. Rxa1 Rxa5 23. g4 Bc2 24. Rc1 Bb3 25. Rb1 Rxa3 26. Kf1 c5 27. Bd1
c4 28. Bxb3 Rxb3 29. Rc1 b5 30. Ke2 Rb2+ 31. Ke1 b4 32. Rd1 b3 33. Rxd5 Rc2 34.
Kd1 Rxf2 35. Kc1 c3 36. Rd3 Rf1+ 37. Rd1 Rxd1+ 38. Kxd1 Kg7 0-1

[Event "LEM Nachwuchs M-V u14m 08.-11.07.2021"]
[Site "MaJuWi Greifswald/Wieck"]
[Date "2021.07.11"]
[Round "7.3"]
[White "Walz, Fabian"]
[Black "Schulz, Bruno Andreas"]
[Result "1-0"]
[WhiteElo "1029"]
[BlackElo "1171"]
[PlyCount "147"]
[EventDate "2021.??.??"]
[WhiteTeam "Doberaner SV 90"]
[BlackTeam "TuS Makkabi Rostock"]

1. e4 c5 2. c3 d5 3. exd5 Qxd5 4. Nf3 Nc6 5. d4 Bf5 6. Be3 e6 7. Be2 b6 8. dxc5
bxc5 9. Qxd5 exd5 10. O-O Nf6 11. Nbd2 Rb8 12. b3 h6 13. Bf4 Rd8 14. Bb5 Bd7
15. Bc7 Rc8 16. Rfe1+ Ne7 17. Bxd7+ Nxd7 18. Bf4 Rc6 19. Re2 g5 20. Bg3 Bg7 21.
Rae1 Bf6 22. Ne5 Re6 23. Nxf7 Rxe2 24. Nd6+ Kf8 25. Rxe2 Bxc3 26. Nf3 d4 27.
Ne1 a6 28. Nd3 Rg8 29. Ne4 Kf7 30. Nexc5 Nxc5 31. Nxc5 Rc8 32. Nd3 a5 33. f3
Ra8 34. Be1 Nd5 35. Bxc3 Nxc3 36. Rd2 Re8 37. Kf2 Re3 38. Nc1 Re5 39. Rxd4 Rc5
40. Rc4 Nd1+ 41. Ke2 Rd5 42. Nd3 Ke7 43. Kxd1 Rxd3+ 44. Ke2 Rd6 45. Ra4 Rd5 46.
a3 Rc5 47. b4 axb4 48. axb4 Rc2+ 49. Kf1 Rc1+ 50. Kf2 h5 51. Kg3 Rc4 52. Ra5
Kf6 53. Rb5 Rd4 54. Rb8 Kg6 55. b5 h4+ 56. Kh3 Rf4 57. b6 Kh5 58. Rh8+ Kg6 59.
b7 Rb4 60. b8=Q Rxb8 61. Rxb8 Kh6 62. Kg4 Kg6 63. Rb6+ Kg7 64. Kxg5 h3 65. Rb7+
Kf8 66. gxh3 Ke8 67. Kf6 Kd8 68. Ke6 Kc8 69. Rh7 Kd8 70. Rg7 Kc8 71. Kd6 Kb8
72. Kc6 Ka8 73. Kb6 Kb8 74. Rg8# 1-0

[Event "LEM Nachwuchs M-V u14m 08.-11.07.2021"]
[Site "MaJuWi Greifswald/Wieck"]
[Date "2021.07.11"]
[Round "7.4"]
[White "Maeno, Yosuke"]
[Black "Asmussen, Johann"]
[Result "1-0"]
[WhiteElo "1387"]
[BlackElo "1195"]
[PlyCount "69"]
[EventDate "2021.??.??"]
[WhiteTeam "SF Schwerin"]
[BlackTeam "SG Jasmund"]

1. Nf3 Nf6 2. g3 Nc6 3. Bg2 d5 4. c4 Bg4 5. d4 e6 6. cxd5 Nxd5 7. O-O Bb4 8. a3
Ba5 9. b4 Bb6 10. b5 Bxf3 11. bxc6 Bxg2 12. Kxg2 bxc6 13. Qd3 O-O 14. Nc3 Nxc3
15. Qxc3 Bxd4 16. Qxc6 Bxa1 17. Be3 Qd5+ 18. Qxd5 exd5 19. Rxa1 a6 20. Rc1 Rfc8
21. Rc5 c6 22. Rc3 Rab8 23. Bf4 Rb2 24. Kf3 c5 25. Bc1 Rb1 26. Be3 d4 27. Bxd4
c4 28. Rc2 Rb3+ 29. Ke4 Rxa3 30. Kd5 Ra4 31. Bc5 a5 32. e4 Rd8+ 33. Kc6 Rd3 34.
Kb5 Rb3+ 35. Kxa4 1-0

[Event "LEM Nachwuchs M-V u14m 08.-11.07.2021"]
[Site "MaJuWi Greifswald/Wieck"]
[Date "2021.07.11"]
[Round "7.5"]
[White "Wiechhusen, Laurin-Elias"]
[Black "Karff, Tom"]
[Result "1/2-1/2"]
[WhiteElo "1443"]
[BlackElo "1363"]
[PlyCount "36"]
[EventDate "2021.??.??"]
[WhiteTeam "SF Schwerin"]
[BlackTeam "SG Güstrow/Teterow"]

1. Nf3 d5 2. g3 c5 3. Bg2 Nc6 4. d4 e6 5. Bf4 Nf6 6. O-O Be7 7. dxc5 Bxc5 8.
Nc3 O-O 9. Bg5 h6 10. Bf4 Bd7 11. Qd2 Rc8 12. Rad1 Re8 13. Nb5 e5 14. Bxh6 gxh6
15. Qxh6 Be6 16. Qg5+ Kf8 17. Qh6+ Kg8 18. Qg5+ Kf8 1/2-1/2

[Event "LEM Nachwuchs M-V u14m 08.-11.07.2021"]
[Site "MaJuWi Greifswald/Wieck"]
[Date "2021.07.11"]
[Round "7.6"]
[White "Thormählen, Tjark"]
[Black "Janssen, Joris Frederik"]
[Result "1/2-1/2"]
[WhiteElo "1033"]
[BlackElo "1440"]
[PlyCount "47"]
[EventDate "2021.??.??"]
[WhiteTeam "SG Güstrow/Teterow"]
[BlackTeam "TuS Makkabi Rostock"]

1. e4 c5 2. Nf3 e6 3. d4 cxd4 4. Nxd4 a6 5. Nc3 Qc7 6. Be3 Be7 7. Be2 Nf6 8.
O-O Nc6 9. f4 d6 10. Nxc6 bxc6 11. Bf3 Bd7 12. Qe2 O-O 13. Rfd1 Rfd8 14. Na4 c5
15. e5 Nd5 16. Nc3 Nxe3 17. Qxe3 d5 18. Ne2 Rab8 19. Qa3 Bb5 20. Qe3 Bxe2 21.
Qxe2 Qb6 22. Rab1 c4+ 23. Kf1 Bc5 24. c3 1/2-1/2

[Event "LEM Nachwuchs M-V u14m 08.-11.07.2021"]
[Site "MaJuWi Greifswald/Wieck"]
[Date "2021.07.11"]
[Round "7.7"]
[White "Hampe, Florian"]
[Black "Herrmann, Niklas"]
[Result "0-1"]
[WhiteElo "1167"]
[BlackElo "1034"]
[PlyCount "48"]
[EventDate "2021.??.??"]
[WhiteTeam "Lok Gymnas Pritzwalk"]
[BlackTeam "TuS Makkabi Rostock"]

1. d4 d5 2. c4 c6 3. Nc3 Nf6 4. e3 Bf5 5. Nf3 Nbd7 6. cxd5 cxd5 7. Bd3 Bxd3 8.
Qxd3 e6 9. Bd2 Bd6 10. O-O O-O 11. b3 e5 12. dxe5 Nxe5 13. Nxe5 Bxe5 14. Rac1
Qd6 15. g3 Rfe8 16. Nb5 Qe6 17. Bc3 Re7 18. Nd4 Qh3 19. f3 Bxg3 20. hxg3 Qxg3+
21. Kh1 Ne4 22. fxe4 Rxe4 23. Qd2 Rh4+ 24. Qh2 Qxh2# 0-1

[Event "LEM Nachwuchs M-V u14m 08.-11.07.2021"]
[Site "MaJuWi Greifswald/Wieck"]
[Date "2021.07.11"]
[Round "7.8"]
[White "Rohde, Niklas"]
[Black "Lange, Oskar"]
[Result "0-1"]
[WhiteElo "800"]
[BlackElo "1214"]
[PlyCount "68"]
[EventDate "2021.??.??"]
[WhiteTeam "Lok Gymnas Pritzwalk"]
[BlackTeam "TSG Neustrelitz"]

1. e4 e6 2. Nf3 d5 3. exd5 exd5 4. d4 Nf6 5. c4 Bg4 6. h3 Bh5 7. a3 Nc6 8. Bd3
Nxd4 9. g4 Nxf3+ 10. Qxf3 Bg6 11. Nc3 Bxd3 12. Qxd3 dxc4 13. Qxc4 Bd6 14. Qb5+
Qd7 15. Qxb7 O-O 16. Bg5 Qe6+ 17. Kd1 Rab8 18. Qxa7 Rxb2 19. Ra2 Qb3+ 20. Ke1
Qxc3+ 21. Kf1 Rxa2 22. a4 Qc5 23. Qxc5 Bxc5 24. Bxf6 Rxf2+ 25. Kg1 Rxf6+ 26.
Kg2 Re8 27. Rc1 Bb6 28. a5 Bxa5 29. Ra1 Bb6 30. g5 Rf2+ 31. Kh1 g6 32. Rd1 Bd4
33. h4 Ree2 34. Rxd4 Re1# 0-1

[Event "LEM Nachwuchs M-V u14w 08.-11.07.2021"]
[Site "MaJuWi Greifswald/Wieck"]
[Date "2021.07.08"]
[Round "1.1"]
[White "Sens, Gerda"]
[Black "Stepanjan, Marianne"]
[Result "0-1"]
[WhiteElo "1247"]
[BlackElo "1383"]
[PlyCount "56"]
[EventDate "2021.??.??"]
[WhiteTeam "SSC Rostock"]
[BlackTeam "ESV Wittenberge"]

1. e4 c5 2. Nf3 e6 3. Nc3 Nc6 4. d4 cxd4 5. Nxd4 d6 6. Bb5 Qc7 7. O-O Nf6 8.
Re1 Be7 9. h3 O-O 10. Bg5 a6 11. Ba4 b5 12. Bb3 Bb7 13. a3 h6 14. Bh4 Rad8 15.
Bg3 Qb6 16. Nxc6 Bxc6 17. Qe2 d5 18. exd5 Nxd5 19. Rad1 Nxc3 20. bxc3 Bxa3 21.
Bh4 Rd6 22. Rxd6 Bxd6 23. Bxe6 Re8 24. Qd2 Qb8 25. Bb3 Bc5 26. Bg3 Rxe1+ 27.
Qxe1 Qxg3 28. Qd2 Qxg2# 0-1

[Event "LEM Nachwuchs M-V u14w 08.-11.07.2021"]
[Site "MaJuWi Greifswald/Wieck"]
[Date "2021.07.08"]
[Round "1.2"]
[White "Raffaelli, Maja"]
[Black "Börner, Emma-Margherita"]
[Result "1-0"]
[WhiteElo "802"]
[BlackElo "1386"]
[PlyCount "101"]
[EventDate "2021.??.??"]
[WhiteTeam "TuS Makkabi Rostock"]
[BlackTeam "Greifswalder SV"]

1. e4 e5 2. Nf3 Nc6 3. Bc4 Nf6 4. d3 d5 5. Bb5 dxe4 6. dxe4 Qxd1+ 7. Kxd1 Bg4
8. Ke1 O-O-O 9. Bg5 Bxf3 10. gxf3 Nd4 11. Be2 Nxc2+ 12. Kf1 Nxa1 13. f4 Rd4 14.
f3 exf4 15. Bxf4 Nd5 16. Be5 Ra4 17. exd5 Rxa2 18. Nd2 Ra5 19. f4 Rxd5 20. Nc4
Rc5 21. b4 Rb5 22. Bxa1 Rxb4 23. Bd4 Rb1+ 24. Kg2 Rxh1 25. Kxh1 b5 26. Ne5 f6
27. Nf7 Rg8 28. Bxb5 c5 29. Be3 h6 30. Bd3 Be7 31. Bc4 a5 32. Nd6+ Bxd6 33.
Bxg8 a4 34. Bc1 Kb7 35. Bh7 Kb6 36. Bd3 g5 37. fxg5 hxg5 38. Kg2 Bf4 39. Bb2
Ka5 40. Bc3+ Kb6 41. Bxf6 a3 42. Bb1 Kb5 43. Be7 Bc1 44. Kf2 Kc4 45. Ke2 Kb3
46. Kd1 Kb2 47. Bf5 a2 48. Bf6+ Kb3 49. Kxc1 c4 50. Bc2+ Ka3 51. Be7# 1-0

[Event "LEM Nachwuchs M-V u14w 08.-11.07.2021"]
[Site "MaJuWi Greifswald/Wieck"]
[Date "2021.07.09"]
[Round "2.1"]
[White "Raffaelli, Maja"]
[Black "Sens, Gerda"]
[Result "0-1"]
[WhiteElo "802"]
[BlackElo "1247"]
[PlyCount "48"]
[EventDate "2021.??.??"]
[WhiteTeam "TuS Makkabi Rostock"]
[BlackTeam "SSC Rostock"]

1. e4 e5 2. Nf3 Nc6 3. Bc4 Nf6 4. d3 Bc5 5. c3 d5 6. exd5 Nxd5 7. O-O Bg4 8. h3
Bh5 9. Qe1 Bxf3 10. gxf3 O-O 11. d4 exd4 12. cxd4 Nxd4 13. Qd1 Re8 14. Na3 c6
15. Nc2 Nxc2 16. Qxc2 h6 17. a3 Qh4 18. Kg2 Rad8 19. Bd2 b5 20. Bxd5 Rxd5 21.
Rad1 Re2 22. Kg1 Bxf2+ 23. Rxf2 Qxf2+ 24. Kh1 Qg2# 0-1

[Event "LEM Nachwuchs M-V u14w 08.-11.07.2021"]
[Site "MaJuWi Greifswald/Wieck"]
[Date "2021.07.09"]
[Round "2.2"]
[White "Börner, Emma-Margherita"]
[Black "Stepanjan, Marianne"]
[Result "0-1"]
[WhiteElo "1386"]
[BlackElo "1383"]
[PlyCount "90"]
[EventDate "2021.??.??"]
[WhiteTeam "Greifswalder SV"]
[BlackTeam "ESV Wittenberge"]

1. e4 c5 2. Nf3 e6 3. Nc3 d6 4. Bb5+ Bd7 5. Bxd7+ Nxd7 6. O-O Ngf6 7. d4 cxd4
8. Qxd4 Qb6 9. Qxb6 Nxb6 10. Nb5 Rc8 11. Nxa7 Rxc2 12. e5 Nfd5 13. exd6 Bxd6
14. Nd4 Rc4 15. Ndb5 Be5 16. Re1 Bb8 17. Be3 Ra4 18. Bxb6 Nxb6 19. Rac1 O-O 20.
b3 Rxa7 21. Nxa7 Bxa7 22. Rc7 Rb8 23. Rd1 Nd5 24. Rd7 Kf8 25. Kf1 Ke8 26. Rd6
Bc5 27. R6xd5 exd5 28. Rxd5 b6 29. Re5+ Kd7 30. a3 Bxa3 31. Rh5 h6 32. Rf5 Ke6
33. Rf4 Bd6 34. Rh4 Rc8 35. b4 Rc3 36. Re4+ Kf5 37. Re3 Bxb4 38. Rxc3 Bxc3 39.
Ke2 b5 40. Kd3 b4 41. Kc4 Ke4 42. f3+ Ke3 43. h3 Kf2 44. g4 Kxf3 45. Kb3 Kg3
0-1

[Event "LEM Nachwuchs M-V u14w 08.-11.07.2021"]
[Site "MaJuWi Greifswald/Wieck"]
[Date "2021.07.09"]
[Round "3.1"]
[White "Sens, Gerda"]
[Black "Börner, Emma-Margherita"]
[Result "1-0"]
[WhiteElo "1247"]
[BlackElo "1386"]
[PlyCount "91"]
[EventDate "2021.??.??"]
[WhiteTeam "SSC Rostock"]
[BlackTeam "Greifswalder SV"]

1. e4 e5 2. Nf3 Nc6 3. Bc4 Nf6 4. Nc3 Bb4 5. d3 d5 6. exd5 Nxd5 7. Bd2 Nxc3 8.
bxc3 Bc5 9. O-O O-O 10. Be3 Bxe3 11. fxe3 Bg4 12. h3 Bxf3 13. Qxf3 Qe7 14. d4
exd4 15. cxd4 Nb4 16. Bb3 Rae8 17. Rfe1 b6 18. a3 Na6 19. Qb7 Nb8 20. Qxa7 Nc6
21. Qb7 Na5 22. Qd5 Nxb3 23. Qxb3 Qe4 24. Qc3 Re7 25. a4 Rfe8 26. a5 f5 27. Qd3
Qxd3 28. cxd3 Rxe3 29. Rxe3 Rxe3 30. a6 Re8 31. a7 Ra8 32. Kf2 Kf7 33. Ke3 Ke6
34. Kf4 g6 35. g4 fxg4 36. hxg4 Kd5 37. Ra4 b5 38. Ra1 Kxd4 39. g5 Kxd3 40. Ke5
h5 41. gxh6 b4 42. h7 b3 43. h8=Q b2 44. Qh3+ Kc2 45. Qg2+ Kb3 46. Rb1 1-0

[Event "LEM Nachwuchs M-V u14w 08.-11.07.2021"]
[Site "MaJuWi Greifswald/Wieck"]
[Date "2021.07.09"]
[Round "3.2"]
[White "Stepanjan, Marianne"]
[Black "Raffaelli, Maja"]
[Result "1-0"]
[WhiteElo "1383"]
[BlackElo "802"]
[PlyCount "83"]
[EventDate "2021.??.??"]
[WhiteTeam "ESV Wittenberge"]
[BlackTeam "TuS Makkabi Rostock"]

1. e4 c5 2. Nf3 e6 3. d4 cxd4 4. Nxd4 a6 5. Nc3 Qc7 6. Be2 Bb4 7. Bd2 Nf6 8. f3
O-O 9. a3 Ba5 10. Bd3 Nc6 11. Nb3 Bb6 12. Qe2 Nd4 13. Nxd4 Bxd4 14. f4 e5 15.
f5 Qc6 16. Qf3 h6 17. h4 Re8 18. O-O-O d5 19. exd5 Nxd5 20. Be4 Nxc3 21. Bxc6
Nxd1 22. Bxe8 Nxb2 23. c3 Bc5 24. Kxb2 Kf8 25. Qd5 Kxe8 26. Qxc5 Bxf5 27. Qxe5+
Be6 28. Bxh6 gxh6 29. Qh8+ Kd7 30. Qxa8 Kc7 31. Qh8 b5 32. Qxh6 Kc6 33. Re1 Kd6
34. Qf4+ Kd7 35. h5 Ke7 36. h6 a5 37. h7 a4 38. h8=Q f6 39. Qhxf6+ Kd7 40.
Qxe6+ Kd8 41. Qe7+ Kc8 42. Qfc7# 1-0

[Event "LEM Nachwuchs M-V u14w 08.-11.07.2021"]
[Site "MaJuWi Greifswald/Wieck"]
[Date "2021.07.09"]
[Round "4.1"]
[White "Stepanjan, Marianne"]
[Black "Sens, Gerda"]
[Result "1-0"]
[WhiteElo "1383"]
[BlackElo "1247"]
[PlyCount "79"]
[EventDate "2021.??.??"]
[WhiteTeam "ESV Wittenberge"]
[BlackTeam "SSC Rostock"]

1. e4 e5 2. Nf3 Nc6 3. Bb5 d6 4. O-O Nf6 5. Re1 Bg4 6. h3 Bh5 7. c3 a6 8. Ba4
b5 9. Bb3 g6 10. g4 Nxg4 11. hxg4 Bxg4 12. d3 Qf6 13. Kg2 Bxf3+ 14. Qxf3 Qxf3+
15. Kxf3 O-O-O 16. Bxf7 Be7 17. Be6+ Kb8 18. Bh6 Bf8 19. Bg5 Be7 20. Bh6 Bf8
21. Be3 b4 22. a3 bxc3 23. bxc3 Be7 24. Nd2 Na7 25. Bh6 Bf8 26. Bg5 Re8 27. Bf6
Bh6 28. Ke2 Rhf8 29. Bd7 Nb5 30. Rec1 Bxd2 31. Kxd2 Rxf6 32. Bxe8 Rxf2+ 33. Ke3
Rb2 34. a4 Na7 35. Rab1 Rb6 36. Rxb6+ cxb6 37. Rh1 b5 38. axb5 axb5 39. Rxh7 g5
40. Rg7 1-0

[Event "LEM Nachwuchs M-V u14w 08.-11.07.2021"]
[Site "MaJuWi Greifswald/Wieck"]
[Date "2021.07.09"]
[Round "4.2"]
[White "Börner, Emma-Margherita"]
[Black "Raffaelli, Maja"]
[Result "1/2-1/2"]
[WhiteElo "1386"]
[BlackElo "802"]
[PlyCount "79"]
[EventDate "2021.??.??"]
[WhiteTeam "Greifswalder SV"]
[BlackTeam "TuS Makkabi Rostock"]

1. e4 c5 2. c3 e6 3. d4 cxd4 4. cxd4 a6 5. Nf3 Qc7 6. Nc3 Bb4 7. Bd2 Nf6 8. Be2
Bxc3 9. Bxc3 Nxe4 10. Qc1 Nxc3 11. Qxc3 Qxc3+ 12. bxc3 b5 13. O-O Bb7 14. Rab1
Bd5 15. a3 Nc6 16. Rfc1 Na5 17. Nd2 Rc8 18. c4 bxc4 19. f4 O-O 20. Rb4 Nc6 21.
Ra4 Nxd4 22. Kf1 Nxe2 23. Kxe2 Ra8 24. Nxc4 Bxg2 25. Nb6 Bc6 26. Nxa8 Bxa4 27.
Nb6 d6 28. Nxa4 e5 29. fxe5 dxe5 30. Ke3 Re8 31. Ke4 h6 32. Nb2 g6 33. Nd1 f5+
34. Ke3 e4 35. Nf2 Rb8 36. Rg1 Rb3+ 37. Ke2 Kg7 38. Rg3 Rxg3 39. hxg3 h5 40.
Ke3 1/2-1/2

[Event "LEM Nachwuchs M-V u14w 08.-11.07.2021"]
[Site "MaJuWi Greifswald/Wieck"]
[Date "2021.07.10"]
[Round "5.1"]
[White "Sens, Gerda"]
[Black "Raffaelli, Maja"]
[Result "1-0"]
[WhiteElo "1247"]
[BlackElo "802"]
[PlyCount "77"]
[EventDate "2021.??.??"]
[WhiteTeam "SSC Rostock"]
[BlackTeam "TuS Makkabi Rostock"]

1. e4 c5 2. Nf3 e6 3. Nc3 a6 4. Bc4 Qc7 5. d3 b5 6. Bb3 Bb7 7. Qe2 Nf6 8. O-O
d5 9. exd5 c4 10. dxc4 bxc4 11. Bxc4 Qd7 12. dxe6 fxe6 13. Bxe6 Qd6 14. Bd5+
Kd8 15. Bxb7 Ra7 16. Be4 Nbd7 17. Be3 Rc7 18. g3 Qe6 19. Bf4 Bd6 20. Qxa6 Nxe4
21. Nxe4 Qxe4 22. Qxd6 Rxc2 23. Bg5+ Ke8 24. Rfe1 Re2 25. Rxe2 Qxe2 26. Re1
Qxe1+ 27. Nxe1 Nf6 28. Qe6+ Kf8 29. Qc8+ Kf7 30. Qxh8 h6 31. Bxf6 Kxf6 32. a4
Kf7 33. a5 Kf6 34. a6 Kg6 35. a7 Kf6 36. a8=Q Kf7 37. Qd5+ Kf6 38. Qf8+ Kg6 39.
Qdf5# 1-0

[Event "LEM Nachwuchs M-V u14w 08.-11.07.2021"]
[Site "MaJuWi Greifswald/Wieck"]
[Date "2021.07.10"]
[Round "5.2"]
[White "Stepanjan, Marianne"]
[Black "Börner, Emma-Margherita"]
[Result "1-0"]
[WhiteElo "1383"]
[BlackElo "1386"]
[Annotator "Sonnenberger,Jörg"]
[PlyCount "57"]
[EventDate "2021.??.??"]
[WhiteTeam "ESV Wittenberge"]
[BlackTeam "Greifswalder SV"]

1. e4 e5 2. Nf3 Nc6 3. Bb5 Nf6 4. O-O d6 5. Re1 Bd7 6. c3 g6 7. d4 Bg4 8. d5 a6
9. Bxc6+ bxc6 10. dxc6 Bg7 11. h3 Bxf3 12. Qxf3 d5 13. exd5 Qxd5 14. Qe2 O-O
15. Bd2 Rae8 16. Qxa6 Re6 17. Qb7 Rxc6 18. Rxe5 Qd7 19. Qa7 Nd5 20. Re2 Nf4 21.
Re3 Re8 22. Rxe8+ Qxe8 23. Bxf4 Qe1+ 24. Kh2 h6 25. Qa8+ Kh7 26. Qxc6 Qxf2 27.
Qxc7 g5 28. Bg3 Qf5 29. Nd2 1-0

[Event "LEM Nachwuchs M-V u14w 08.-11.07.2021"]
[Site "MaJuWi Greifswald/Wieck"]
[Date "2021.07.10"]
[Round "6.1"]
[White "Börner, Emma-Margherita"]
[Black "Sens, Gerda"]
[Result "0-1"]
[WhiteElo "1386"]
[BlackElo "1247"]
[PlyCount "88"]
[EventDate "2021.??.??"]
[WhiteTeam "Greifswalder SV"]
[BlackTeam "SSC Rostock"]

1. e4 e5 2. Nf3 Nc6 3. Nc3 Nf6 4. Bb5 d6 5. d4 exd4 6. Nxd4 Bd7 7. Bxc6 Bxc6 8.
Nxc6 bxc6 9. O-O d5 10. exd5 cxd5 11. Re1+ Be7 12. Bg5 O-O 13. Bxf6 Bxf6 14.
Nxd5 Bxb2 15. Rb1 c6 16. Ne7+ Kh8 17. Qxd8 Raxd8 18. Rxb2 Rfe8 19. Kf1 c5 20.
Nc6 Rxe1+ 21. Kxe1 Re8+ 22. Ne7 Rxe7+ 23. Kd2 g6 24. Rb8+ Kg7 25. g3 h5 26. f3
c4 27. Rc8 Rd7+ 28. Ke3 Re7+ 29. Kd4 Rd7+ 30. Kxc4 Rd2 31. Kb3 Rxh2 32. c4 Rg2
33. Rd8 Rxg3 34. Rd1 Rxf3+ 35. Kc2 Rf2+ 36. Kd3 h4 37. Rh1 Rf4 38. c5 Kf6 39.
Ke3 Rc4 40. Kf3 Rxc5 41. Rxh4 Rc3+ 42. Kg2 Rc2+ 43. Kf3 Rxa2 44. Rf4+ Kg7 0-1

[Event "LEM Nachwuchs M-V u14w 08.-11.07.2021"]
[Site "MaJuWi Greifswald/Wieck"]
[Date "2021.07.10"]
[Round "6.2"]
[White "Raffaelli, Maja"]
[Black "Stepanjan, Marianne"]
[Result "0-1"]
[WhiteElo "802"]
[BlackElo "1383"]
[PlyCount "58"]
[EventDate "2021.??.??"]
[WhiteTeam "TuS Makkabi Rostock"]
[BlackTeam "ESV Wittenberge"]

1. e4 c5 2. Nf3 e6 3. d4 cxd4 4. Nxd4 d6 5. Be3 Nf6 6. Nc3 Be7 7. Be2 Nc6 8.
O-O a6 9. h3 Qc7 10. Bc4 b5 11. Bd3 Bb7 12. Nxc6 Bxc6 13. Qe2 Qb7 14. Bf4 b4
15. Nd1 Bxe4 16. Bxe4 Qxe4 17. Qxe4 Nxe4 18. c3 bxc3 19. bxc3 Rc8 20. Rc1 Rc4
21. Be3 Bf6 22. f3 Nxc3 23. Nxc3 Bxc3 24. Rfd1 Kd7 25. Rb1 Rb4 26. Rxb4 Bxb4
27. a4 Rc8 28. Bb6 Bc5+ 29. Bxc5 Rxc5 0-1

[Event "LEM Nachwuchs M-V u16 vom 08.-11.07.202"]
[Site "MaJuWi Greifswald/Wieck"]
[Date "2021.07.08"]
[Round "1.1"]
[White "Brand, Hannes"]
[Black "Großmann, Piet"]
[Result "0-1"]
[WhiteElo "1384"]
[BlackElo "1902"]
[PlyCount "40"]
[EventDate "2021.??.??"]
[WhiteTeam "SC Mecklenburger Springer"]
[BlackTeam "SAV Torgelow"]

1. d4 e6 2. c4 Nf6 3. Nc3 Bb4 4. Nf3 O-O 5. Bg5 h6 6. Bh4 c5 7. e3 Qa5 8. Qc2
Ne4 9. Qxe4 Bxc3+ 10. bxc3 Qxc3+ 11. Kd1 Qxa1+ 12. Kd2 Qxa2+ 13. Kc1 d5 14.
cxd5 exd5 15. Qd3 c4 16. Qc3 Bf5 17. Nd2 b5 18. Be7 Re8 19. Ba3 Nc6 20. Bc5 b4
0-1

[Event "LEM Nachwuchs M-V u16 vom 08.-11.07.202"]
[Site "MaJuWi Greifswald/Wieck"]
[Date "2021.07.08"]
[Round "1.2"]
[White "Breß, Aaron"]
[Black "Ederle, Artöm"]
[Result "1-0"]
[WhiteElo "1795"]
[BlackElo "1591"]
[PlyCount "61"]
[EventDate "2021.??.??"]
[WhiteTeam "SAV Torgelow"]
[BlackTeam "Greifswalder SV"]

1. e4 c5 2. Nc3 e6 3. Nge2 Nc6 4. g3 e5 5. Bg2 Nge7 6. O-O d6 7. d3 Be6 8. f4
g6 9. Be3 b6 10. f5 Bd7 11. Bg5 Qc8 12. f6 Ng8 13. Nd5 h6 14. Be3 g5 15. Nec3
Nd8 16. a4 Qb7 17. Nb5 Ne6 18. Bh3 a6 19. Nbc3 h5 20. Bxe6 Bxe6 21. Bxg5 Bg4
22. Qd2 Bh6 23. a5 bxa5 24. Rxa5 Kd7 25. Na4 Bxg5 26. Qxg5 Kc6 27. Nab6 Re8 28.
Rfa1 Be6 29. Rxa6 Bxd5 30. Nxd5+ Kb5 31. R1a5# 1-0

[Event "LEM Nachwuchs M-V u16 vom 08.-11.07.202"]
[Site "MaJuWi Greifswald/Wieck"]
[Date "2021.07.08"]
[Round "1.3"]
[White "Subocz, Gabriel"]
[Black "Tovmasyan, Minas"]
[Result "0-1"]
[WhiteElo "1380"]
[BlackElo "1771"]
[PlyCount "58"]
[EventDate "2021.??.??"]
[WhiteTeam "SAV Torgelow"]
[BlackTeam "TuS Makkabi Rostock"]

1. e4 c5 2. Nf3 e6 3. d4 cxd4 4. Nxd4 a6 5. Nc3 Qc7 6. Be2 Nf6 7. Be3 d6 8. O-O
b5 9. a3 Bb7 10. Bf3 Be7 11. Qd3 Nbd7 12. b4 Ne5 13. Qd2 Rc8 14. Nde2 O-O 15.
Bf4 Nc4 16. Qc1 Nd7 17. Rd1 Bf6 18. Rd3 Nde5 19. Rd1 Nxf3+ 20. gxf3 Ne5 21. Qe3
Nc4 22. Qd3 Rfd8 23. Ra2 Ne5 24. Qe3 Ng6 25. Bg3 Bxc3 26. Rxd6 Rxd6 27. Bxd6
Qxd6 28. Nxc3 Rxc3 29. Qa7 Qd1+ 0-1